000 01200nam a2200241Ia 4500
008 0000002008 usad 0000000000eng00
020 _a9780980088120
090 _aPUS00 A21a
245 1 0 _aAdam Straus
_b: tick tock, drip drop
300 _a[32] p.
_c/ 27 cm.
500 _aExposición realizada en Nohra Haime Gallery, New York, febrero 12 marzo 8, 2008 \ Incluye cronología del artista \ Proyecto Ganador Programa Apoyos Concertados FGAA 2010
505 _aOBRAS : Summit melting Winter sunset from indian island woods vcano Cold mountain artifact Fireflies Moonrise over country road and trees and open field Cold mountain artifact Twilight over an open field Long island beach with tiretracks in the sand Shark, after sunset The neXt to the last iceberg
600 0 0 _aSTRAUS, ADAM, 1956/
_xTRABAJOS PICTORICOS
650 1 4 _aARTE CONTEMPORANEO ESTADOUNIDENSE
650 1 4 _aARTISTAS PLASTICOS ESTADOUNIDENSES
650 1 4 _xCATALOGOS
650 1 4 _xEXPOSICIONES
650 1 4 _aPINTORES ESTADOUNIDENSES
650 1 4 _aPINTURA AL OLEO
650 1 4 _aPINTURA DE PAISAJES
650 1 4 _aPINTURA ESTADOUNIDENSE
999 _c11657
_d11657
260 _aNew York : Nohra Haime Gallery
_c2008